| 000 | 00649nam a2200193 4500 | ||
|---|---|---|---|
| 001 | 112078 | ||
| 003 | ES-MaACL | ||
| 005 | 20230906185428.0 | ||
| 007 | t| | ||
| 008 | 061121s1965 sp r ||||1| spa d | ||
| 080 | _a946.814 Segura | ||
| 100 | 1 |
_aNavarro López, Genaro. _985144 |
|
| 245 | 1 | 0 |
_aSegura de la Sierra _b: notas histórico-descriptivas de esta villa y su comarca / _cGenaro Navarro López. |
| 250 | _a2ª ed. rev. y amp. | ||
| 260 |
_aSegura de la Sierra (Jaén) : _bAyuntamiento, _c1965. |
||
| 300 |
_a227 p. 1 lám. : _bil ; _c22 cm. |
||
| 651 | 4 |
_aSegura de la Sierra- _xHistoria. _9142144 |
|
| 852 |
_aES-MaACL _jC-30261 R.60815 |
||
| 999 |
_c112078 _d112078 |
||